Orientaciones pedagógicas para el mejoramiento del desempeño en la práctica profesional de los docentes del área técnico profesional: Contabilidad

Guardat en:
Dades bibliogràfiques
Autors principals: Meyer Aguilera, Eduardo Christian (autor), Contreras Guzmán, David (Autor), Sandoval, Katia (Autor)
Altres autors: Garrido Miranda, José Miguel (autor), Quiroga Lobos, Marta Elsa (autora), Núñez Tapia, Livio Arístides (autor)
Format: Llibre
Idioma:espanyol
Publicat: Santiago Grupo Santillana 2004
Santiago Pontificia Universidad Católica de Valparaíso 2004
Col·lecció:Documentos de Trabajo. Curso de Perfeccionamiento Virtual
Matèries:
Etiquetes: Afegir etiqueta
Sense etiquetes, Sigues el primer a etiquetar aquest registre!

MARC

LEADER 00000nam a2200000 a 4500
001 UCK3634
003 CL-VaPUC
008 050506e20040000cl |||||||||||||||||spa|d
082 0 4 |a 373.246  |b MEY  |2 21 
100 |a Meyer Aguilera, Eduardo Christian  |e autor  |9 617934 
700 |a Garrido Miranda, José Miguel  |e autor  |9 796933 
700 0 |a Contreras Guzmán, David  |e author  |9 491802 
700 0 |a Sandoval, Katia  |e author  |9 491803 
700 |a Quiroga Lobos, Marta Elsa  |e autora  |9 801303 
700 |a Núñez Tapia, Livio Arístides  |e autor  |9 757738 
245 1 0 |a Orientaciones pedagógicas para el mejoramiento del desempeño en la práctica profesional de los docentes del área técnico profesional: Contabilidad 
246 1 0 |a Capacitación continua virtual para docentes del área técnico profesional 
300 |a pág. irreg 
942 |c BK 
945 |d 20050506 00:00:00  |a cmena 
260 |a Santiago  |b Grupo Santillana  |c 2004 
260 |a Santiago  |b Pontificia Universidad Católica de Valparaíso  |c 2004 
500 |a Proyecto FONDEF N§ D001 1045 
500 |a Incluye: 
500 |a Metodología para el trabajo de aula 
500 |a Normativa comercial y tributaria 
500 |a Normativa laboral y previsional 
500 |a Informes financieros 
500 |a Gestión de pequeña empresa 
650 0 |a Contabilidad   |9 261430 
650 7 |a EDUCACION TECNICO PROFESIONAL  |2 CL-VaPUC  |9 345113 
650 0 |a Métodos de enseñanza  |9 270413 
650 0 |a Educación virtual  |9 491799 
650 0 |a Planificación del currículo  |9 269599 
650 0 |a Formación profesional de profesores  |9 307493 
650 0 |a Capacitación docente  |9 312871 
650 0 |a Innovaciones pedagógicas  |9 307471 
583 |a last modification  |c 20171017 11:49:16  |k Rodrigo Vera 
490 0 |a Documentos de Trabajo. Curso de Perfeccionamiento Virtual 
999 |c 312753  |d 312751 
952 |0 0  |1 0  |4 0  |6 373_246000000000000_MEY_2004_2004  |7 0  |8 X  |9 383474  |a BIBING  |b BIBING  |d 2019-11-21  |i 412006K  |o 373.246 MEY 2004 2004  |p 412006K  |r 2025-01-20  |w 2019-11-21  |y BK_X  |k ING